|
|
|
|
| LEADER |
01699nam a2200349 a 4500 |
| 001 |
13402924 |
| 008 |
100703r20082004nyua 001 0 eng d |
| 010 |
|
|
|a 2003064978
|
| 020 |
|
|
|a 9780195683271
|
| 020 |
|
|
|a 0195683277
|
| 020 |
|
|
|a 9780195686210
|
| 020 |
|
|
|a 0195686217
|
| 020 |
|
|
|a 0195158334
|
| 040 |
|
|
|a DLC
|c DLC
|d DLC
|d BD-DhAAL
|
| 082 |
0 |
0 |
|a 621.382/2
|2 22
|
| 100 |
1 |
|
|a Lathi, B. P.
|q (Bhagwandas Pannalal)
|
| 245 |
1 |
0 |
|a Linear systems and signals /
|c B.P. Lathi.
|
| 250 |
|
|
|a 2nd ed.
|
| 260 |
|
|
|a New York ;
|a New Delhi :
|b Oxford University Press,
|c 2004.[fourth impression 2008]
|
| 300 |
|
|
|a xvi, 975 p. :
|b ill. ;
|c 24 cm.
|
| 504 |
|
|
|a Includes index.
|
| 541 |
1 |
|
|e 00020545
|
| 650 |
|
0 |
|a Signal processing
|x Mathematics.
|
| 650 |
|
0 |
|a System analysis.
|
| 650 |
|
0 |
|a Linear time invariant systems.
|
| 650 |
|
0 |
|a Digital filters (Mathematics)
|
| 852 |
4 |
|
|a Ayesha Abed Library
|j General shelf
|
| 999 |
|
|
|c 9162
|d 9162
|
| 952 |
|
|
|0 0
|1 0
|2 ddc
|4 0
|6 621_382200000000000_LAT_2008
|7 0
|9 11477
|a BRACUL
|b BRACUL
|c GEN
|d 2010-07-03
|l 16
|m 147
|o 621.3822 LAT
|p 3010020545
|r 2023-09-23
|s 2023-06-19
|t 1
|w 2010-07-03
|y BK
|
| 952 |
|
|
|0 0
|1 0
|2 ddc
|4 0
|6 621_382200000000000_LAT_2008
|7 0
|9 11478
|a BRACUL
|b BRACUL
|c GEN
|d 2010-07-03
|l 12
|m 91
|o 621.3822 LAT
|p 3010020546
|r 2026-02-03
|s 2026-02-03
|t 2
|w 2010-07-03
|y BK
|
| 952 |
|
|
|0 0
|1 3
|2 ddc
|4 0
|6 621_382200000000000_LAT_2008
|7 0
|9 11479
|a BRACUL
|b BRACUL
|c GEN
|d 2010-07-03
|g 664.00
|l 16
|m 144
|o 621.3822 LAT
|p 3010020547
|r 2026-03-03
|s 2025-10-08
|t 3
|v 1328.00
|w 2010-07-03
|y BK
|x Lost and cost paid by ID # 23321007
|
| 952 |
|
|
|0 0
|1 0
|2 ddc
|4 0
|6 621_382200000000000_LAT_2008
|7 0
|9 11480
|a BRACUL
|b BRACUL
|c GEN
|d 2010-07-03
|l 11
|m 102
|o 621.3822 LAT
|p 3010020548
|r 2026-04-19
|s 2026-02-01
|t 4
|w 2010-07-03
|y BK
|